000 00382 a2200109 4500
001 ART_10857
005 20260410161853.0
008 260409a
245 1 0 _aEl conocimiento jurídico positivo
100 1 _aCorti, Horacio Guillermo
773 0 _tFilosofía del derecho
_gCuestiones conceptuales, metodológicas y normativas - Año I, Nº 1 (mayo 2012)
_wREV10449
999 _c25174
_d25174